| 000 | 005030000a22001810004500 | ||
|---|---|---|---|
| 003 | MACL | ||
| 005 | 20160205165431.0 | ||
| 008 | 160205b xxu||||| |||| 00| 0 eng d | ||
| 040 |
_aMACL _cMACL |
||
| 041 | _aHindi | ||
| 082 | _a100 | ||
| 100 |
_aजी पण्डित मिहीलाल _936993 |
||
| 245 | _aपुष्प-सौरभ भाग | ||
| 260 |
_bरामाश्रम _c1979 _aमथुरा |
||
| 350 | _a2 | ||
| 650 |
_aPhilosophy _936994 |
||
| 942 |
_cHIN _k100 _2ddc |
||
| 999 |
_c27530 _d27530 |
||